[Event "Skopje op"]
[Site "Skopje"]
[Date "2023.12.10"]
[Round "7"]
[White "Drazic, Sinisa"]
[Black "Nikolovski, Nikola"]
[Result "1/2-1/2"]
[WhiteElo "2264"]
[BlackElo "2389"]
[PlyCount "43"]
[EventDate "2023.12.06"]
[EventType "swiss"]
[EventRounds "9"]
[EventCountry "MKD"]
[SourceTitle "CB50_2023"]
[SourceDate "2023.12.13"]
[SourceVersion "1"]
[SourceVersionDate "2023.12.13"]
[SourceQuality "1"]

1. d4 e6 2. Nf3 f5 3. d5 Nf6 4. dxe6 d5 5. Bf4 Bxe6 6. e3 Bd6 7. Nd4 Bc8 8. Bxd6 Qxd6 9. c4 f4 10. Nc3 fxe3 11. fxe3 0-0 12. Be2 Qe5 13. cxd5 c5 14. dxc6 Qxe3 15. Qd3 Qe5 16. 0-0-0 Nxc6 17. Nxc6 bxc6 18. Qd4 Qg5+ 19. Qd2 Qc5 20. Qd4 Qg5+ 21. Qd2 Qc5 22. Qd4 1/2-1/2

[Event "EU-chT 24th"]
[Site "Budva"]
[Date "2023.11.15"]
[Round "5.1"]
[White "Nikolovski, Nikola"]
[Black "Sukovic, Andrej"]
[Result "1/2-1/2"]
[WhiteElo "2405"]
[BlackElo "2382"]
[PlyCount "63"]
[EventDate "2023.11.11"]
[EventType "team-swiss"]
[EventRounds "9"]
[EventCountry "MNE"]
[SourceTitle "CB47_2023"]
[SourceDate "2023.11.22"]
[SourceVersion "1"]
[SourceVersionDate "2023.11.22"]
[SourceQuality "1"]
[WhiteTeam "North Macedonia"]
[BlackTeam "Montenegro Youth II"]
[WhiteTeamCountry "MKD"]
[BlackTeamCountry "MNE"]

1. e4 c5 2. Nc3 d6 3. f4 g6 4. Nf3 Bg7 5. Bc4 Nc6 6. 0-0 e6 7. d4 cxd4 8. Nb5 d5 9. exd5 exd5 10. Bxd5 Nge7 11. Bxc6+ Nxc6 12. Re1+ Kf8 13. c3 d3 14. Be3 Bg4 15. h3 Bxf3 16. Qxf3 Bf6 17. Rad1 Kg7 18. f5 Re8 19. Qf4 g5 20. Qg3 Re5 21. Nd4 Nxd4 22. cxd4 Rxf5 23. Rxd3 Qd5 24. h4 h6 25. b3 Re8 26. Rd2 Re4 27. hxg5 hxg5 28. Rf1 Rxf1+ 29. Kxf1 Rh4 30. Kg1 Kg6 31. Bf2 Kg7 32. Be3 1/2-1/2

[Event "EU-Cup 38th"]
[Site "Durres"]
[Date "2023.10.03"]
[Round "3.3"]
[White "Nikolovski, Nikola"]
[Black "Gengler, Pierre"]
[Result "1-0"]
[WhiteElo "2382"]
[BlackElo "2130"]
[PlyCount "81"]
[EventDate "2023.10.01"]
[EventType "team-swiss"]
[EventRounds "7"]
[EventCountry "ALB"]
[SourceTitle "EXT 2024"]
[Source "ChessBase"]
[SourceDate "2023.10.10"]
[SourceVersion "1"]
[SourceVersionDate "2023.10.10"]
[SourceQuality "1"]
[WhiteTeam "Gambit Asseco See"]
[BlackTeam "Differdange"]
[WhiteTeamCountry "MKD"]
[BlackTeamCountry "LUX"]

1. e4 c5 2. Nc3 Nc6 3. Bb5 g6 4. Bxc6 bxc6 5. d3 Bg7 6. f4 d6 7. Nf3 Rb8 8. 0-0 Nf6 9. Qe1 0-0 10. b3 Ne8 11. Bb2 Qa5 12. e5 Qb4 13. Qg3 d5 14. Na4 Bh6 15. c4 Ng7 16. Bc3 Qb7 17. Bd2 f6 18. Rae1 Nf5 19. Qf2 Nd4 20. Nxd4 cxd4 21. e6 f5 22. Qxd4 Bg7 23. Qf2 Qc7 24. Be3 Ra8 25. Bd4 Bxd4 26. Qxd4 Rd8 27. Qf2 Qa5 28. Re2 Rd6 29. Nc5 Ba6 30. Nd7 Bc8 31. c5 Rxd7 32. exd7 Bxd7 33. Rxe7 Be8 34. Qd4 Bf7 35. Rfe1 Rf8 36. h4 Qxa2 37. b4 Qd2 38. Qf6 Qxb4 39. d4 a5 40. h5 gxh5 41. R1e3 1-0

[Event "FRM-chT 31st"]
[Site "Ohrid"]
[Date "2023.08.31"]
[Round "6.3"]
[White "Stojanovski, Dejan"]
[Black "Nikolovski, Nikola"]
[Result "1/2-1/2"]
[WhiteElo "2425"]
[BlackElo "2377"]
[PlyCount "34"]
[EventDate "2023.08.26"]
[EventType "team-tourn"]
[EventRounds "7"]
[EventCountry "MKD"]
[SourceTitle "EXT 2024"]
[Source "ChessBase"]
[SourceDate "2023.10.10"]
[SourceVersion "1"]
[SourceVersionDate "2023.10.10"]
[SourceQuality "1"]
[WhiteTeam "Prilep"]
[BlackTeam "Skopje Gambit Asseko"]
[WhiteTeamCountry "MKD"]
[BlackTeamCountry "MKD"]

1. e4 e6 2. d4 d5 3. Nc3 Bb4 4. e5 c5 5. a3 Bxc3+ 6. bxc3 Ne7 7. Qg4 0-0 8. Bd3 f5 9. exf6 Rxf6 10. Bg5 Rf7 11. Qh4 h6 12. Nf3 Nbc6 13. Bg6 Rf8 14. Bxh6 gxh6 15. Qxh6 Nxg6 16. Qxg6+ Kh8 17. Qh6+ Kg8 1/2-1/2

[Event "FRM-chT 31st"]
[Site "Ohrid"]
[Date "2023.08.27"]
[Round "2.3"]
[White "Nikolovski, Nikola"]
[Black "Stamenkov, Vanco"]
[Result "1/2-1/2"]
[WhiteElo "2377"]
[BlackElo "2324"]
[PlyCount "26"]
[EventDate "2023.08.26"]
[EventType "team-tourn"]
[EventRounds "7"]
[EventCountry "MKD"]
[SourceTitle "EXT 2024"]
[Source "ChessBase"]
[SourceDate "2023.10.10"]
[SourceVersion "1"]
[SourceVersionDate "2023.10.10"]
[SourceQuality "1"]
[WhiteTeam "Skopje Gambit Asseko"]
[BlackTeam "Gostivar"]
[WhiteTeamCountry "MKD"]
[BlackTeamCountry "MKD"]

1. e4 c5 2. Nc3 e6 3. f4 d5 4. Nf3 dxe4 5. Nxe4 Nc6 6. Bb5 Bd7 7. Qe2 a6 8. Bxc6 Bxc6 9. f5 Bxe4 10. Qxe4 Qd5 11. Qxd5 exd5 12. d4 c4 13. 0-0 Bd6 1/2-1/2

[Event "FRM-ch op"]
[Site "Skopje"]
[Date "2023.05.11"]
[Round "9"]
[White "Mihov, Filip"]
[Black "Nikolovski, Nikola"]
[Result "0-1"]
[WhiteElo "2269"]
[BlackElo "2340"]
[PlyCount "102"]
[EventDate "2023.05.04"]
[EventType "swiss"]
[EventRounds "9"]
[EventCountry "MKD"]
[SourceTitle "CBM 214 Extra"]
[Source "ChessBase"]
[SourceDate "2023.07.31"]
[SourceVersion "1"]
[SourceVersionDate "2023.07.31"]
[SourceQuality "1"]

1. Nf3 e6 2. d4 Nf6 3. g3 c5 4. c4 cxd4 5. Nxd4 d5 6. Bg2 e5 7. Nf3 d4 8. 0-0 Nc6 9. e3 Be7 10. exd4 exd4 11. Bf4 Be6 12. Ne5 Rc8 13. Nd2 Nxe5 14. Bxe5 Ng4 15. Bxg7 Rg8 16. Qa4+ Bd7 17. Qxa7 Rxg7 18. Qxd4 Kf8 19. Bxb7 Bc5 20. Qf4 Rb8 21. Bd5 Rb6 22. Ne4 Bd4 23. Nd6 Bxb2 24. c5 Ra6 25. Nb7 Qe7 26. Qb8+ Be8 27. Rae1 Be5 28. Nd6 Nf6 29. Qc8 Rxd6 30. cxd6 Qxd6 31. Bc6 Rg6 32. Bxe8 Nxe8 33. Rd1 Qb6 34. Rfe1 Re6 35. a4 Kg7 36. Qc4 Nf6 37. Rb1 Qa7 38. Re3 h5 39. h3 Nd7 40. Qh4 Rf6 41. Qg5+ Rg6 42. Qh4 Bd4 43. Rf3 Ne5 44. Rfb3 Bxf2+ 45. Kg2 Bc5 46. Qxh5 Qa8+ 47. Rb7 Bd6 48. Qh4 Qc8 49. Qd4 Qc2+ 50. Qf2 Rxg3+ 51. Kxg3 Nd3+ 0-1

[Event "FRM-ch op"]
[Site "Skopje"]
[Date "2023.05.10"]
[Round "8"]
[White "Nikolovski, Nikola"]
[Black "Veljanoski, Andrej"]
[Result "1/2-1/2"]
[WhiteElo "2340"]
[BlackElo "2311"]
[PlyCount "70"]
[EventDate "2023.05.04"]
[EventType "swiss"]
[EventRounds "9"]
[EventCountry "MKD"]
[SourceTitle "CBM 214 Extra"]
[Source "ChessBase"]
[SourceDate "2023.07.31"]
[SourceVersion "1"]
[SourceVersionDate "2023.07.31"]
[SourceQuality "1"]

1. d4 d5 2. Nc3 Nf6 3. Bf4 a6 4. e3 c5 5. dxc5 Nc6 6. a3 e5 7. Bg5 Be6 8. b4 h6 9. Bh4 g5 10. Bg3 Bg7 11. Nf3 g4 12. Nh4 e4 13. Na4 Nd7 14. Rc1 Bf6 15. c4 dxc4 16. Bxc4 Nce5 17. Bxe6 fxe6 18. Qd6 Nd3+ 19. Kd2 Kf7 20. Rc4 Bxh4 21. Bxh4 N3e5 22. Rxe4 Qxh4 23. Rf4+ Kg7 24. Nb6 Rad8 25. Ke2 Rhe8 26. Rd1 Qh5 27. Qc7 g3+ 28. f3 Qxh2 29. Rxd7+ Nxd7 30. Rg4+ Kh7 31. Rxg3 Qh4 32. Nxd7 Qc4+ 33. Ke1 Qc3+ 34. Ke2 Qc2+ 35. Ke1 Qc1+ 1/2-1/2

[Event "Noisiel op 8th"]
[Site "Noisiel"]
[Date "2023.02.19"]
[Round "3"]
[White "Kufferath, Camille"]
[Black "Nikolovski, Nikola"]
[Result "1-0"]
[WhiteElo "2099"]
[BlackElo "2347"]
[PlyCount "73"]
[EventDate "2023.02.18"]
[EventType "swiss"]
[EventRounds "9"]
[EventCountry "FRA"]
[SourceTitle "CBM 212 Extra"]
[Source "ChessBase"]
[SourceDate "2023.03.31"]
[SourceVersion "1"]
[SourceVersionDate "2023.03.31"]
[SourceQuality "1"]

1. e4 e6 2. d3 d5 3. Nd2 c5 4. Ngf3 Nc6 5. g3 Nf6 6. Bg2 Be7 7. 0-0 b6 8. Re1 Bb7 9. h4 Qd7 10. exd5 Nxd5 11. Nc4 0-0 12. Bg5 Nf6 13. a4 h6 14. Bf4 Nd5 15. Nfe5 Qe8 16. Nxc6 Qxc6 17. Qg4 Kh7 18. h5 Qc8 19. Be4+ Kh8 20. Be5 Rg8 21. a5 b5 22. a6 Bxa6 23. Na5 c4 24. Qf3 f5 25. Bxd5 exd5 26. Qxd5 Bb4 27. c3 Rd8 28. Qc6 Bf8 29. dxc4 bxc4 30. Qxh6+ Kg8 31. Qg6 Bb5 32. Bxg7 Bxg7 33. Re7 Rd1+ 34. Rxd1 Qf8 35. Qe6+ Kh8 36. h6 Bxh6 37. Rf7 1-0

[Event "Skopje op"]
[Site "Skopje"]
[Date "2022.10.24"]
[Round "6"]
[White "Gavrilov, Igor"]
[Black "Nikolovski, Nikola"]
[Result "1-0"]
[WhiteElo "2032"]
[BlackElo "2359"]
[PlyCount "115"]
[EventDate "2022.10.21"]
[EventType "swiss"]
[EventRounds "9"]
[EventCountry "MKD"]
[SourceTitle "EXT 2024"]
[Source "ChessBase"]
[SourceDate "2023.10.10"]
[SourceVersion "1"]
[SourceVersionDate "2023.10.10"]
[SourceQuality "1"]

1. d4 e6 2. Nf3 f5 3. Bf4 Nf6 4. e3 b6 5. Bd3 Bb7 6. Nbd2 Be7 7. h3 0-0 8. c3 Ne4 9. Qe2 d6 10. 0-0-0 Nd7 11. Ne1 Kh8 12. f3 Nef6 13. g4 e5 14. Bg3 e4 15. Bc2 g6 16. gxf5 gxf5 17. fxe4 Rg8 18. Bf4 fxe4 19. Ng2 Nf8 20. Rdf1 Ng6 21. Bh6 d5 22. Nf4 Qd7 23. Bd1 Nh4 24. Nh5 Qe6 25. Rhg1 Ng6 26. Nxf6 Bxf6 27. Qh5 Ba6 28. Bg4 Qc6 29. Rf2 Bc8 30. Rgf1 Bxg4 31. hxg4 Bg7 32. Rf7 Qe6 33. Rxc7 Rae8 34. Rff7 Re7 35. Rfxe7 Nxe7 36. Bxg7+ Kxg7 37. Qh4 Re8 38. Rxa7 Qf6 39. Qh5 Rd8 40. g5 Qe6 41. Qh4 Re8 42. Nf1 Kg8 43. Nh2 Qf7 44. Kc2 Nf5 45. Rxf7 Nxh4 46. Rd7 Rf8 47. Ng4 Rf3 48. Nf6+ Kf8 49. Nxd5 Rf5 50. Nxb6 Kg8 51. Rd5 Kf7 52. a4 Rf2+ 53. Kb3 Nf5 54. Nc4 Ne7 55. Re5 Rg2 56. Nd6+ Kf8 57. Nxe4 Nc6 58. Rf5+ 1-0

[Event "FRM-chT 30th"]
[Site "Struga"]
[Date "2022.10.17"]
[Round "4.5"]
[White "Nikolovski, Nikola"]
[Black "Naskov, Aleks"]
[Result "1-0"]
[WhiteElo "2359"]
[BlackElo "1381"]
[PlyCount "99"]
[EventDate "2022.10.14"]
[EventType "team-tourn"]
[EventRounds "7"]
[EventCountry "MKD"]
[SourceTitle "CBM 210 Extra"]
[Source "ChessBase"]
[SourceDate "2022.11.30"]
[SourceVersion "1"]
[SourceVersionDate "2022.11.30"]
[SourceQuality "1"]
[WhiteTeam "Skopje Gambit Asseko"]
[BlackTeam "Bitola Patako"]
[WhiteTeamCountry "MKD"]
[BlackTeamCountry "MKD"]

1. e4 c5 2. Nc3 d6 3. f4 Nc6 4. Bb5 Bd7 5. Nf3 e6 6. 0-0 g6 7. d3 Nge7 8. e5 d5 9. Bd2 Bg7 10. Be1 a6 11. Bxc6 Bxc6 12. Bf2 b6 13. d4 cxd4 14. Nxd4 b5 15. Kh1 0-0 16. Bh4 Bb7 17. Qe1 Qd7 18. Rd1 b4 19. Na4 Qxa4 20. Bxe7 Rfc8 21. b3 Qa5 22. Bxb4 Qb6 23. Ba5 Qc5 24. Rf3 Bf8 25. a4 Qa3 26. Ra1 Qc5 27. Rd3 Be7 28. Rad1 Bh4 29. Qxh4 Qxa5 30. Rh3 h5 31. Qg5 Qd8 32. Rxh5 Qxg5 33. Rxg5 Rc3 34. Kg1 Rac8 35. Kf2 a5 36. Rd2 Ba6 37. Rg3 Rxg3 38. Kxg3 Rc3+ 39. Kf2 Kg7 40. Rd1 Kh6 41. Re1 Kh5 42. Re3 Rc5 43. Rg3 Kh4 44. Rg5 Rc3 45. Nf3+ Rxf3+ 46. Kxf3 d4 47. Ke4 f5+ 48. exf6 d3 49. cxd3 e5 50. g3+ 1-0

[Event "SRB-chT Premier"]
[Site "Vrnjacka Banja"]
[Date "2022.09.30"]
[Round "11.5"]
[White "Djukic, Nikola"]
[Black "Nikolovski, Nikola"]
[Result "1/2-1/2"]
[WhiteElo "2536"]
[BlackElo "2359"]
[PlyCount "43"]
[EventDate "2022.09.20"]
[EventType "team-tourn"]
[EventRounds "11"]
[EventCountry "SRB"]
[SourceTitle "CBM 210 Extra"]
[Source "ChessBase"]
[SourceDate "2022.11.30"]
[SourceVersion "1"]
[SourceVersionDate "2022.11.30"]
[SourceQuality "1"]
[WhiteTeam "Pozega"]
[BlackTeam "Opovo Bata Cosic"]
[WhiteTeamCountry "SRB"]
[BlackTeamCountry "SRB"]

1. e4 e6 2. d4 d5 3. Nc3 Bb4 4. e5 c5 5. a3 Bxc3+ 6. bxc3 Ne7 7. Qg4 Qc7 8. Bd3 c4 9. Be2 Qa5 10. Bd2 Nf5 11. h4 Qa4 12. h5 h6 13. Nf3 Nc6 14. Nh4 Nce7 15. Nxf5 Nxf5 16. Ra2 Bd7 17. Qf3 Qb5 18. 0-0 Qa5 19. Bc1 Ba4 20. Rb2 Qc7 21. Bd2 Rc8 22. Qh3 1/2-1/2

[Event "SRB-chT Premier"]
[Site "Vrnjacka Banja"]
[Date "2022.09.29"]
[Round "10.2"]
[White "Nikolovski, Nikola"]
[Black "Ristic, Nenad"]
[Result "1-0"]
[WhiteElo "2359"]
[BlackElo "2267"]
[PlyCount "133"]
[EventDate "2022.09.20"]
[EventType "team-tourn"]
[EventRounds "11"]
[EventCountry "SRB"]
[SourceTitle "CBM 210 Extra"]
[Source "ChessBase"]
[SourceDate "2022.11.30"]
[SourceVersion "1"]
[SourceVersionDate "2022.11.30"]
[SourceQuality "1"]
[WhiteTeam "Opovo Bata Cosic"]
[BlackTeam "Lucani Mladost"]
[WhiteTeamCountry "SRB"]
[BlackTeamCountry "SRB"]

1. e4 c6 2. d4 d5 3. exd5 cxd5 4. Bd3 Nc6 5. c3 Nf6 6. Bf4 Bg4 7. Qb3 e5 8. dxe5 Nh5 9. Be3 Nxe5 10. Bb5+ Nc6 11. Be2 Bxe2 12. Nxe2 Qd7 13. Nd2 Nf6 14. Nf3 Bd6 15. 0-0 0-0 16. Bg5 Rfe8 17. Ned4 Ne4 18. Rad1 h6 19. Be3 Rad8 20. Rfe1 Bb8 21. Qc2 Na5 22. Nd2 Qd6 23. Nf1 Nc4 24. Bc1 Qa6 25. a3 Qb6 26. Nf5 a6 27. N5e3 Nxe3 28. Bxe3 Qc6 29. Bd4 b5 30. Re3 Re6 31. Rde1 Rde8 32. Qd1 Bc7 33. Qg4 Rg6 34. Qh5 Ree6 35. Qh3 Bb6 36. Bxb6 Qxb6 37. R1e2 a5 38. g3 Qc6 39. Qg2 Qc5 40. Kh1 b4 41. axb4 axb4 42. f3 Nd6 43. Qf2 Qb5 44. Kg2 Rgf6 45. Qe1 bxc3 46. bxc3 Qe8 47. Qd1 Nc4 48. Rxe6 Rxe6 49. Kf2 Qb5 50. Ne3 Nb2 51. Qc2 Nd3+ 52. Kg2 Qa6 53. Qd2 Rb6 54. Qa2 Ne1+ 55. Kf2 Nd3+ 56. Kg2 Ne1+ 57. Kf2 Nd3+ 58. Kg2 Qb5 59. Nxd5 Ra6 60. Ne7+ Kf8 61. Qd2 Rd6 62. Qc2 Rd7 63. c4 Qb4 64. Kh3 Nc1 65. Nd5 Qc5 66. Qh7 f6 67. Qh8+ 1-0

[Event "SRB-chT Premier"]
[Site "Vrnjacka Banja"]
[Date "2022.09.28"]
[Round "9.6"]
[White "Boskovic, Drasko"]
[Black "Nikolovski, Nikola"]
[Result "1/2-1/2"]
[WhiteElo "2415"]
[BlackElo "2359"]
[PlyCount "109"]
[EventDate "2022.09.20"]
[EventType "team-tourn"]
[EventRounds "11"]
[EventCountry "SRB"]
[SourceTitle "CBM 210 Extra"]
[Source "ChessBase"]
[SourceDate "2022.11.30"]
[SourceVersion "1"]
[SourceVersionDate "2022.11.30"]
[SourceQuality "1"]
[WhiteTeam "Subotica Spartak"]
[BlackTeam "Opovo Bata Cosic"]
[WhiteTeamCountry "SRB"]
[BlackTeamCountry "SRB"]

1. d4 e6 2. Nf3 f5 3. Bf4 Nf6 4. e3 Be7 5. Be2 0-0 6. 0-0 d6 7. c4 Ne4 8. h3 Nd7 9. Qb3 g5 10. Bh2 Ndf6 11. Nfd2 Kh8 12. Nxe4 Nxe4 13. f3 Nf6 14. Nc3 Rg8 15. g4 Qf8 16. Nb5 Bd8 17. c5 a6 18. Qa3 Nd5 19. cxd6 f4 20. e4 Ne3 21. Nxc7 Rb8 22. e5 Qh6 23. d5 exd5 24. Qc3 Be6 25. Rf2 Rc8 26. Bf1 Rg7 27. Rc1 Bxc7 28. dxc7 Rd7 29. Bg2 Qg7 30. Qd4 Qf7 31. Re1 Rcxc7 32. Rxe3 fxe3 33. Qxe3 d4 34. Qxg5 d3 35. Bf4 Rc2 36. Bd2 Qe7 37. Qh6 Bd5 38. Bg5 Qf7 39. Bd2 Kg8 40. f4 Qg6 41. Qh4 Bxg2 42. f5 Qe8 43. e6 Bc6 44. exd7 Rc1+ 45. Bxc1 Qe1+ 46. Kh2 Qh1+ 47. Kg3 Qg1+ 48. Kf4 Qxc1+ 49. Ke5 Qc5+ 50. Kf6 Qd4+ 51. Kg5 Qg7+ 52. Kh5 Qf7+ 53. Kg5 Qg7+ 54. Kh5 Qf7+ 55. Kg5 1/2-1/2

[Event "SRB-chT Premier"]
[Site "Vrnjacka Banja"]
[Date "2022.09.27"]
[Round "8.1"]
[White "Nikolovski, Nikola"]
[Black "Miljkovic, Miroslav D"]
[Result "1-0"]
[WhiteElo "2359"]
[BlackElo "2456"]
[PlyCount "93"]
[EventDate "2022.09.20"]
[EventType "team-tourn"]
[EventRounds "11"]
[EventCountry "SRB"]
[SourceTitle "CBM 210 Extra"]
[Source "ChessBase"]
[SourceDate "2022.11.30"]
[SourceVersion "1"]
[SourceVersionDate "2022.11.30"]
[SourceQuality "1"]
[WhiteTeam "Opovo Bata Cosic"]
[BlackTeam "Ruma Sloven"]
[WhiteTeamCountry "SRB"]
[BlackTeamCountry "SRB"]

1. e4 c5 2. Nc3 e6 3. f4 d5 4. d3 Nc6 5. Nf3 Be7 6. g3 Nf6 7. e5 Nd7 8. Bg2 0-0 9. 0-0 Rb8 10. a4 a6 11. Qe2 Qc7 12. Bd2 Nd4 13. Qd1 Nxf3+ 14. Qxf3 b5 15. axb5 axb5 16. Rae1 b4 17. Nd1 b3 18. c3 d4 19. c4 Bb7 20. Qh5 Bxg2 21. Kxg2 Qc6+ 22. Rf3 Ra8 23. Nf2 Ra2 24. Bc1 Ra1 25. g4 Rb1 26. g5 Ra8 27. Ne4 Raa1 28. Rff1 Bd8 29. Kh3 g6 30. Qh6 Be7 31. Kg3 Ra6 32. Rh1 Qa8 33. Qh3 Nb6 34. Qg2 Nd7 35. h4 Kf8 36. h5 Ke8 37. hxg6 hxg6 38. Rh8+ Nf8 39. Qh1 Kd7 40. Qh6 Raa1 41. Qh1 Ra7 42. Rg8 Raa1 43. Rg7 Ke8 44. Kg4 Ra6 45. Qh8 Qb7 46. Qg8 Bd8 47. Rh1 1-0

[Event "SRB-chT Premier"]
[Site "Vrnjacka Banja"]
[Date "2022.09.21"]
[Round "2.4"]
[White "Kovacevic, Aleksandar"]
[Black "Nikolovski, Nikola"]
[Result "1-0"]
[WhiteElo "2471"]
[BlackElo "2359"]
[PlyCount "103"]
[EventDate "2022.09.20"]
[EventType "team-tourn"]
[EventRounds "11"]
[EventCountry "SRB"]
[SourceTitle "CBM 210 Extra"]
[Source "ChessBase"]
[SourceDate "2022.11.30"]
[SourceVersion "1"]
[SourceVersionDate "2022.11.30"]
[SourceQuality "1"]
[WhiteTeam "Novi Sad SK"]
[BlackTeam "Opovo Bata Cosic"]
[WhiteTeamCountry "SRB"]
[BlackTeamCountry "SRB"]

1. e4 c5 2. Nf3 d6 3. d4 cxd4 4. Nxd4 Nf6 5. Nc3 g6 6. Be3 Bg7 7. f3 Nc6 8. Qd2 0-0 9. 0-0-0 d5 10. exd5 Nxd5 11. Nxc6 bxc6 12. Bd4 e5 13. Bc5 Re8 14. Ne4 Qc7 15. h4 f5 16. Nd6 Rd8 17. Nxc8 Raxc8 18. h5 Nb6 19. Bxb6 Rxd2 20. Bc4+ Kf8 21. Bxc7 Rxd1+ 22. Rxd1 Rxc7 23. hxg6 Bh6+ 24. Kb1 hxg6 25. Rd6 Kg7 26. b4 Rb7 27. c3 a5 28. a3 axb4 29. axb4 Rc7 30. Kc2 Bf4 31. Re6 Kh6 32. Kb3 Kg7 33. g4 e4 34. gxf5 gxf5 35. fxe4 fxe4 36. Rxe4 Bg5 37. Bf1 Kf7 38. Bg2 c5 39. b5 c4+ 40. Rxc4 Rxc4 41. Kxc4 Bd2 42. Kd4 Ke6 43. c4 Be1 44. c5 Bf2+ 45. Kc4 Kd7 46. b6 Kc8 47. Kb5 Kb8 48. c6 Bg3 49. Kc4 Bf4 50. Bh3 Bg3 51. Kd5 Ka8 52. c7 1-0

[Event "Olympiad-44"]
[Site "Chennai"]
[Date "2022.08.05"]
[Round "7.4"]
[White "Nikolovski, Nikola"]
[Black "Urkedal, Frode Olav Olsen"]
[Result "1/2-1/2"]
[WhiteElo "2366"]
[BlackElo "2555"]
[PlyCount "109"]
[EventDate "2022.07.29"]
[EventType "team-swiss"]
[EventRounds "11"]
[EventCountry "IND"]
[SourceTitle "CBM 210"]
[Source "ChessBase"]
[SourceDate "2022.10.31"]
[SourceVersion "1"]
[SourceVersionDate "2022.10.31"]
[SourceQuality "1"]
[WhiteTeam "North Macedonia"]
[BlackTeam "Norway"]
[WhiteTeamCountry "MKD"]
[BlackTeamCountry "NOR"]

1. f4 Nf6 2. Nf3 g6 3. b3 Bg7 4. Bb2 0-0 5. e3 c5 6. Be2 b6 7. 0-0 Bb7 8. Qe1 e6 9. d3 d5 10. Nbd2 Nc6 11. Ne5 Rc8 12. Nxc6 Bxc6 13. Kh1 Re8 14. Be5 Bf8 15. Bb2 Bg7 16. Be5 Qe7 17. a4 Red8 18. Rd1 Ne8 19. Bxg7 Nxg7 20. e4 Rd7 21. e5 Nf5 22. Bg4 d4 23. Bxf5 exf5 24. Nc4 Qe6 25. Qh4 Kg7 26. h3 Bd5 27. Kh2 h5 28. Nd2 a6 29. Nf3 Bxf3 30. Rxf3 Qe7 31. Qe1 Re8 32. Rf2 Rc7 33. Re2 Rc6 34. Qf2 Re6 35. Qf3 h4 36. Rde1 Kh6 37. Qf2 Kg7 38. Qf3 Rh8 39. Kg1 Qd7 40. Kh2 Qc7 41. Kg1 Rc8 42. Qf2 Qe7 43. Kh2 Qd8 44. Qf3 Rc7 45. Kh1 Rce7 46. Qf2 Re8 47. Qf3 Qa8 48. Qf2 Rh8 49. Rb1 Qd5 50. Rbe1 a5 51. Kh2 Kf8 52. Kh1 Kg7 53. Kh2 Kf8 54. Kh1 Kg7 55. Kh2 1/2-1/2

[Event "Olympiad-44"]
[Site "Chennai"]
[Date "2022.07.29"]
[Round "1.3"]
[White "Gontcharov, Serguei"]
[Black "Nikolovski, Nikola"]
[Result "0-1"]
[WhiteElo "1864"]
[BlackElo "2366"]
[PlyCount "106"]
[EventDate "2022.07.29"]
[EventType "team-swiss"]
[EventRounds "11"]
[EventCountry "IND"]
[SourceTitle "CBM 210"]
[Source "ChessBase"]
[SourceDate "2022.10.31"]
[SourceVersion "1"]
[SourceVersionDate "2022.10.31"]
[SourceQuality "1"]
[WhiteTeam "Bermuda"]
[BlackTeam "North Macedonia"]
[WhiteTeamCountry "BER"]
[BlackTeamCountry "MKD"]

1. e4 c5 2. Nf3 Nc6 3. d4 cxd4 4. Nxd4 g6 5. c4 Bg7 6. Be3 Nf6 7. Nc3 d6 8. Be2 0-0 9. 0-0 Bd7 10. Rc1 Nxd4 11. Bxd4 Bc6 12. f3 a5 13. Nd5 Nd7 14. Bxg7 Kxg7 15. Qd4+ e5 16. Qc3 Bxd5 17. cxd5 Qb6+ 18. Kh1 Rac8 19. Qd2 Nc5 20. Rc2 f5 21. exf5 Rxf5 22. Rfc1 Rcf8 23. Qe3 Kg8 24. Bd3 Rf4 25. Rxc5 dxc5 26. Qxe5 Rd4 27. Bc4 Qf6 28. Qxf6 Rxf6 29. a4 Kf8 30. b3 Rf7 31. h3 Re7 32. Rc2 Kg7 33. Kg1 h5 34. Kf2 h4 35. g3 hxg3+ 36. Kxg3 g5 37. Rh2 Kf6 38. Rf2 Re3 39. Rc2 Ke5 40. Rc1 b6 41. Rc2 Kf5 42. Rf2 Re1 43. Rc2 Red1 44. Re2 R4d2 45. h4 gxh4+ 46. Kxh4 Rxe2 47. Bxe2 Rd2 48. Bc4 Kf4 49. Kh5 Kxf3 50. Kg5 Ke4 51. Kf6 Rxd5 52. Ke6 Rd4 53. Bf1 Rb4 0-1

[Event "FRM-ch op"]
[Site "Skopje"]
[Date "2022.05.03"]
[Round "7"]
[White "Lazov, Toni"]
[Black "Nikolovski, Nikola"]
[Result "0-1"]
[WhiteElo "2377"]
[BlackElo "2372"]
[PlyCount "108"]
[EventDate "2022.04.29"]
[EventType "swiss"]
[EventRounds "9"]
[EventCountry "MKD"]
[SourceTitle "CBM 208 Extra"]
[Source "ChessBase"]
[SourceDate "2022.07.31"]
[SourceVersion "1"]
[SourceVersionDate "2022.07.31"]
[SourceQuality "1"]

1. e4 c5 2. Nc3 Nc6 3. g3 g6 4. Bg2 Bg7 5. d3 d6 6. f4 Nf6 7. Nf3 0-0 8. 0-0 Bg4 9. h3 Bxf3 10. Qxf3 Rb8 11. Be3 Nd7 12. Qf2 Qc8 13. a3 b5 14. Rfb1 Nd4 15. Nd1 a5 16. b4 Nc6 17. c3 axb4 18. axb4 cxb4 19. d4 bxc3 20. Nxc3 b4 21. Nd5 e6 22. Rc1 Re8 23. e5 exd5 24. Bxd5 Rb6 25. Bxf7+ Kxf7 26. d5 Nc5 27. Bxc5 dxc5 28. Qxc5 Rb8 29. dxc6 Qxh3 30. c7 Qxg3+ 31. Kh1 Qh3+ 32. Kg1 Rbc8 33. Qxb4 Bf8 34. Qc4+ Qe6 35. Qe4 Qb6+ 36. Kh1 Rxc7 37. f5 Rxc1+ 38. Rxc1 gxf5 39. Qxf5+ Kg8 40. Rg1+ Bg7 41. Qg5 Qb7+ 42. Rg2 Qc7 43. e6 Rxe6 44. Qd5 Qf7 45. Qd8+ Re8 46. Qg5 Kh8 47. Rf2 Qb7+ 48. Qg2 Qd7 49. Rf1 Be5 50. Qf3 Qe6 51. Qh5 Qc6+ 52. Rf3 Re6 53. Kg2 Rg6+ 54. Kh3 Rh6 0-1

[Event "FRM-ch op"]
[Site "Skopje"]
[Date "2022.04.30"]
[Round "2"]
[White "Dimkovski, Stojancho"]
[Black "Nikolovski, Nikola"]
[Result "0-1"]
[WhiteElo "1966"]
[BlackElo "2372"]
[PlyCount "140"]
[EventDate "2022.04.29"]
[EventType "swiss"]
[EventRounds "9"]
[EventCountry "MKD"]
[SourceTitle "CBM 208 Extra"]
[Source "ChessBase"]
[SourceDate "2022.07.31"]
[SourceVersion "1"]
[SourceVersionDate "2022.07.31"]
[SourceQuality "1"]

1. e4 e6 2. d4 d5 3. Nd2 Nf6 4. e5 Nfd7 5. Bd3 c5 6. c3 Nc6 7. Ne2 cxd4 8. cxd4 f6 9. exf6 Nxf6 10. 0-0 Bd6 11. Nf3 Qc7 12. Bg5 0-0 13. Bh4 Nh5 14. Qc2 h6 15. Bh7+ Kh8 16. Bg6 Rxf3 17. Bxh5 Rf5 18. Bg4 Rf8 19. Bg3 e5 20. Bxc8 Raxc8 21. dxe5 Bxe5 22. Rac1 d4 23. Rfd1 Qf7 24. a3 d3 25. Qxd3 Bxb2 26. Rb1 Rfd8 27. Qe3 Re8 28. Qf4 Bf6 29. Qf3 b6 30. Rbc1 Qa2 31. Rxc6 Rxc6 32. Qxc6 Qxe2 33. Rf1 Bd4 34. Qd7 Bc3 35. f3 Qe7 36. Qa4 Rc8 37. Bf2 Bb2 38. Qg4 Re8 39. Qg6 Qe6 40. Qd3 Qc6 41. Qb3 Bf6 42. Rd1 Re2 43. Qd3 Qc2 44. Qxc2 Rxc2 45. Bd4 Be7 46. Ra1 Rc4 47. Be3 Rc3 48. Re1 Bxa3 49. Bd4 Rc7 50. Ra1 Be7 51. Be5 Rb7 52. Ra6 Bc5+ 53. Kf1 Kg8 54. Ke2 Kf7 55. Kd3 b5 56. Ra5 Bb4 57. Ra6 Bc5 58. Ra5 Ke6 59. Ke4 Bg1 60. f4 b4 61. f5+ Kf7 62. g4 b3 63. Bb2 Bxh2 64. Kd5 Bg1 65. Ra1 Be3 66. Re1 Bg5 67. Kc6 Rb6+ 68. Kc5 Bf6 69. Re2 Bxb2 70. Rxb2 Kf6 0-1